| LEADER |
01321nam0a2200313 450 |
| 001 |
16867849 |
| 010 |
|
|
|a 2-7024-2241-1
|b Br.
|d 23,4
|
| 100 |
|
|
|a 19950221d1995 u u0frey01 ba
|
| 101 |
0 |
|
|a fre
|
| 102 |
|
|
|a FR
|
| 200 |
0 |
|
|a Années 1945-1949 (Les)
|f Agatha Christie
|g présentation Jacques Baudou
|
| 207 |
|
1 |
|a
|
| 210 |
|
|
|a Paris
|c Libr. des Champs-Elysées
|d 1995
|
| 215 |
|
|
|a 1342 p.
|d 19 x 13 cm
|
| 225 |
1 |
|
|a Les intégrales du Masque
|
| 300 |
|
|
|a Bibliogr. Filmogr.
|
| 327 |
|
|
|a La Mort n'est pas une fin,Meurtre au champagne,Le Vallon,Les Travaux d'Hercule,Le Flux et le reflux,La Maison biscornue
|
| 330 |
|
|
|a 'Il s'agissait à présent de rassembler les débris semés au quatre vents, les mille et un morceaux épars de ce qui avait été notre existence', écrit Agatha Christie dans son autobiographie au sujet de ces années de l'immédiat aprè- guerre.
|
| 461 |
|
0 |
|t Agatha Christie
|v 08
|
| 464 |
|
|
|a La Mort n'est pas une fin
|
| 464 |
|
|
|a Meurtre au champagne
|
| 464 |
|
|
|a Le Vallon
|
| 464 |
|
|
|a Les Travaux d'Hercule
|
| 464 |
|
|
|a Le Flux et le reflux
|
| 464 |
|
|
|a La Maison biscornue
|
| 700 |
|
0 |
|a Christie
|b Agatha
|f 1890-1976
|4 70
|
| 900 |
|
|
|a Policier
|
| 901 |
|
|
|a Adultes
|
| 995 |
|
|
|a Médiathèque
|c Médiathèque
|f 00156001039056
|h 00156001039056
|k RP CHR
|o p
|q a
|r az
|e Médiathèque
|